| 000 | 00492pab a2200181 454500 | ||
|---|---|---|---|
| 008 | 180718b2002 xxu||||| |||| 00| 0 eng d | ||
| 100 | _aIranzo, Consuelo | ||
| 245 | _aTrade unionism and globalization: thoughts from Latin America | ||
| 260 | _c2002 | ||
| 300 | _ap.7-74. | ||
| 362 | _aJan | ||
| 650 | _aGlobalization - Latin America | ||
| 650 | _aTrade unions - Latin America | ||
| 650 | _aTrade unions | ||
| 700 | _aPatruyo, Thanali | ||
| 773 | _aCurrent Sociology | ||
| 909 | _a52298 | ||
| 999 |
_c52298 _d52298 |
||